000 00796nam a22002897a 4500
001 0007272
003 KOHA_MİRAKIL
005 20260207001552.0
007 ta
008 090916b1995 tu |||gr||||#||||0|tur |
020 _a9753530005
040 _aTR-BiSEU
_btur
_cTR-BiSEU
_erda
041 0 _atur
044 _ctu
050 _aK487.P55
_bO38 1995
100 1 _aÖktem, Niyazi.
245 1 _aDevlet ve hukuk felsefesi akımları/
_cNiyazi Öktem ; Niyazi Öktem .
264 1 _aİstanbul :
_bDer Yayınları
_c1995
300 _a351 sayfa; 25 cm.
336 _ametin
_btxt
_2rdacontent
337 _aaracısız
_bn
_2rdamedia
338 _acilt
_bnc
_2rdacarrier
500 _aKaynakça var.
650 0 _aFelsefe.
_93265
650 0 _aHukuk Felsefesi.
_918067
942 _2lcc
_cBK
999 _c7251
_d7251